00339nam a2200121Ia 4500003000400000008004100004020001800045040000800063100001400071245008200085260003500167300001500202LDD181029s9999 xx 000 0 und d a0 85226 763 0 cLDD aRana, M.S 0aIndian government and politicsba bibliographical study (1885-1980)cM.S Rana aNew DelhibWiley Easternc1981 aVI, xxviii